| 000 | 00991nac a22003017a 4500 | ||
|---|---|---|---|
| 001 | BR7100697 | ||
| 003 | BR-BrBNA | ||
| 005 | 20240105113416.0 | ||
| 008 | 230509b bl.|||m| |||| 00| 0 por d | ||
| 040 |
_aBR-BrBNA _bpor _cBiblioteca Nacional de Agricultura |
||
| 072 | _aL30 | ||
| 090 | _a5212 BR7100697 | ||
| 100 | 1 | _aEmrich, E.S. | |
| 100 | 1 | _aDuraes, M.C. | |
| 110 | 1 | _aInstituto de Pesquisa Agropecuaria do Centro-Oeste, Sete Lagoas, MG (Brasil) | |
| 245 | 1 | _aAlimentacao de novilhos em confinamento no periodo da seca [Bovino; Racao; Minas Gerais; Brasil] | |
| 260 | 3 |
_aSete Lagoas, MG (Brasil): _c1971. |
|
| 300 | _a4 p. | ||
| 490 |
_aSerie Pesquisa Extensao - Instituto de Pesquisa Agropecuaria do Centro-Oeste (Brazil) _vno. 13 _x |
||
| 650 | _aNUTRICAO ANIMAL | ||
| 650 | _aBOVINO | ||
| 650 | _aRACAO | ||
| 650 | _aCONFINAMENTO | ||
| 650 | _aGANHO DE PESO | ||
| 650 | _aMINAS GERAIS | ||
| 909 |
_a202312 _bLúcia Elande _c55 _dLúcia Elande |
||
| 942 |
_2AGRIS _n0 _cMS |
||
| 999 |
_c263556 _d263556 |
||